[Event "FAI-chT3 1415"]
[Site "Faroe Islands"]
[Date "2014.11.08"]
[Round "3.2"]
[White "Joensen, Mikkjal"]
[Black "Thomsen, Heri V"]
[Result "0-1"]
[WhiteElo "1147"]
[BlackElo "1247"]
[PlyCount "32"]
[EventDate "2014.10.26"]
[EventType "team-tourn"]
[EventRounds "7"]
[EventCountry "FAI"]
[SourceTitle "CBM 163 Extra"]
[Source "ChessBase"]
[SourceDate "2014.12.23"]
[SourceVersion "1"]
[SourceVersionDate "2014.12.23"]
[SourceQuality "1"]
[WhiteTeam "Rokur II"]
[BlackTeam "Gota"]
[WhiteTeamCountry "FAI"]
[BlackTeamCountry "FAI"]

1. e4 e5 2. Nf3 Nc6 3. c3 Bc5 4. d4 exd4 5. cxd4 Bb6 6. Nc3 a6 7. a3 d6 8. h3 Nf6 9. Be3 0-0 10. Bd3 Ne7 11. Bc2 Be6 12. Bg5 Ng6 13. g3 c6 14. e5 h6 15. Bxf6 gxf6 16. Qd2 Kg7 0-1

[Event "FAI-chT2 1213"]
[Site "Faroe Islands"]
[Date "2012.10.28"]
[Round "1.4"]
[White "Videro, Emil"]
[Black "Joensen, Mikkjal"]
[Result "1/2-1/2"]
[WhiteElo "1362"]
[BlackElo "1118"]
[PlyCount "58"]
[EventDate "2012.10.28"]
[EventType "team-tourn"]
[EventRounds "10"]
[EventCountry "FAI"]
[SourceTitle "EXT 2014"]
[Source "ChessBase"]
[SourceDate "2013.11.20"]
[SourceVersion "1"]
[SourceVersionDate "2013.11.20"]
[SourceQuality "1"]
[WhiteTeam "Skopun"]
[BlackTeam "Rokur"]
[WhiteTeamCountry "FAI"]
[BlackTeamCountry "FAI"]

1. e4 c5 2. Nf3 Nc6 3. d4 cxd4 4. Nxd4 e6 5. Nc3 a6 6. Be2 Be7 7. Be3 Bb4 8. Qd3 h6 9. 0-0 Nf6 10. Nxc6 bxc6 11. e5 Nd5 12. Nxd5 cxd5 13. a3 Be7 14. Bd4 Bb7 15. f4 Rc8 16. b4 0-0 17. Rac1 Ra8 18. f5 f6 19. Bg4 Bc6 20. Qh3 fxe5 21. Bxe5 d6 22. Bc3 e5 23. Bd2 Bg5 24. Bxg5 Qxg5 25. Rcd1 Rad8 26. Be2 Bb7 27. Rd3 Qe7 28. Rg3 Rf6 29. Rff3 Kf8 1/2-1/2